000 01240njm a22002897a 4500
005 20100922114049.0
006 a|||||r|||||00| 0
007 sd ammalaaahaa
008 100922t xxu||||| |||| 00| 0 pun d
028 _aN,94041
_bHis Master's Voice
035 _aGR-00485
040 _aSED
_cSED
100 _aਸੁਰਿੰਦਰ ਕੋਰ
_921104
245 _aਚਨਾੰ ਲਿਯਾ ਏ ਬੇਬੇ ਮੇਰੀ ਦੇਖ /
_cਸੁਰਿੰਦਰ ਕੋਰ
_hMedium [Sound recording]
246 _aChanna liya eh bebe meri dekh ( Surinder kaur)
260 _aDum Dum, India
_bHis Master's Voice
_cn.d.
300 _a1 Sound disc [Gramophon Recording]
_banalog,33 1/3 rpm
_c9.5 in. (MP)
_fGramophon Record
500 _aBrief record
500 _aRecord labels : His Master's Voice, Red
505 _aSide-2ਸਾਡੀ ਪੈ ਗਏ ਗੁਹਡ਼ੀ ਪ੍ਰੀਤ (Sadi pay gaye guhadi preet) (Surinder kaur& Vidya nath seth)
600 _921105
650 _aPunjabi Songs
_xExcerpts
_zIndia
_921106
700 _921272
_aਵਿਦਯਾ ਨਾਥ ਸੇਠ
700 _aਗਿਆਨ ਚੰਦ ਧਵਨ
_921416
942 _2ddc
_cGR
999 _c47674
_d47674